| 000 | 01115nam1a22002891 4500 | ||
|---|---|---|---|
| 001 | rc\4122834 | ||
| 005 | 20130415173643.1 | ||
| 035 | _a(NLR Aleph) 008153087 | ||
| 090 |
_a7783053 _c7783053 |
||
| 100 | _a20130415d1952 |||y0rusy50 ca | ||
| 101 | 1 |
_arus _ccze |
|
| 102 | _aRU | ||
| 105 | _ay z ||||| | ||
| 200 | 1 |
_aИстория чешского народа _fПер. с чеш. С.Н. Дзюбинского и Т.А. Егеревой _gПод ред. В.Д. Королюка _gПредисл. акад. Б.Д. Грекова. Т. 1- |
|
| 210 |
_aМосква _cИзд-во иностр. лит. _d1952 |
||
| 215 | _d23 | ||
| 607 |
_aЧехословацкая Народно-Демократическая Республика _xИстория _2psbo |
||
| 700 | 1 |
_aНеедлы _bЗ. _f1878-1962 _gЗденек |
|
| 702 | 1 |
_aЕгерева _bТ. А. _4730 |
|
| 702 | 1 |
_aКоролюк _bВ. Д. _4340 |
|
| 702 | 1 |
_aДзюбинский _bС. Н. _4730 |
|
| 702 | 1 |
_aГреков _bБ. Д. _4080 |
|
| 801 | 0 |
_aRU _bNLR _gpsbo |
|
| 801 | 1 |
_aRU _bELAR _2rusmarc |
|
| 852 |
_aNLR _jИ30 Г-5/7 |
||
| 942 | _cBOOK | ||
| 980 | _aNB | ||